000 00452nam a22001697a 4500
005 20250724153114.0
008 250724b |||||||| |||| 00| 0 eng d
020 _a978-1-5381-5670-4
100 _aHIRSH SANDRA
245 _aINFORMATION SERVICES TODAY; AN INTRODUCTION
250 _a3RD ED.
260 _aNEW YORK
_bROWMAN & LITTLEFIELLD
_c2022
300 _aXXXVI,636P.
500 _aINCLUDES AN INDEX
650 _aLIBRARIES
942 _2lcc
_cBK
999 _c215958
_d215958